عرض عادي
عرض مارك
- Ruppert, Gerard.
مدخل إسم شخص
001 - رقم الضبط
- حقل الضبط: 41964
003 - معرف رقم الضبط
- حقل الضبط: OSt
005 - تاريخ ووقت أخر عملية
- حقل الضبط: 20140109161928.0
008 - عناصر بيانات ثابتة الطول
- حقل تحكم ثابت الطول: 140109|||a|||||| | ||| d
040 ## - مصدر الفهرسة
- هيئة الفهرسة الأصلية: OSt
- وكالة الكتابة: OSt
100 ## - مدخل -- أسم شخص
- إسم شخص: Ruppert, Gerard.
670 ## - بيانات المصدر موجوده
- الاستشهاد بالمصدر: Work cat.: (OSt)0: Volitich, Dan. 41962, IBM Cognos Business Intelligence 10 :, c2012.
